000 00817nam a22001457a 4500
005 20120521151528.0
020 _a9788192004907
_c1295.00
100 _aगौतम, सुरेश
_947604
245 _aमाक्रर्स प्रेमचंद, प्रसाद, मुक्तिबोध/
_b(वामपंथी नरकुंड, आदमखोर यथार्थ:
_cसुरेश गौतम
260 _aदिल्ली
_bदिव्यम प्रकाशन
_c2012
270 _a4806/24, भरतराम रोड, दरियागंज
_bनई दिल्ली
_e110003
300 _a508 पृ.
_c22 सें.मी. (सजिल्द)
942 _2ddc
_cHN
_mगौतम
999 _c66971
_d66971